书目信息 |
| 书名: | Volunteers | |
| 作者: | Rosalie Rosso King and Jacquelyn Fluke. | |
| 分册号: | ||
| 分册名: | 出版地: | Lanham : |
|
| 出版社: | University Press of America | |
| 出版时间: | c1990. | |
| 页数: | 141 p. ; | |
| 开本: | 24 cm. | |
| 丛书名: | ||
| 中图分类号: | ||
| 科图分类号: | ||
| 其他分类号: | J03 | |
| 主题词: | ||
| 电子资源: | ||
| 000 | 01081pam a2200289 a 450 | |
| 001 | E0741132035 | |
| 005 | 20070517113522.89 | |
| 008 | 890602s1990 mdu b 000 0 eng | |
| 010 | @a89035500 | |
| 020 | @a0819175382 (pbk. : alk. paper). | |
| 035 | @A(DLC) 89035500 | |
| 040 | @aDLC@cDLC@dDLC | |
| 043 | @an-us--- | |
| 050 | 00 | @aNX775@b.K56 1989 |
| 082 | 00 | @a700/.68/3@2 20 |
| 090 | @aJ03 | |
| 099 | @dJ03@ex29 | |
| 100 | 1 | @aKing, Rosalie Rosso,@d1938- |
| 245 | 10 | @aVolunteers :@bAmerica’s hidden resource / @cRosalie Rosso King and Jacquelyn Fluke. |
| 260 | @aLanham :@bUniversity Press of America,@cc1990. | |
| 300 | @a141 p. ;@c24 cm. | |
| 504 | @aIncludes bibliographical references (p. 137-141). | |
| 650 | 0 | @aVolunteer workers in the arts@zUnited States. |
| 700 | 1 | @aFluke, Jacquelyn. |
| 906 | @a7@bcbc@corignew@d1@eocip@f19@gy-gencatlg | |
| 955 | @apc14 to br00 06-02-89; br11 to SCD 06-06-89; fh08 06-06-89; fc21 06-14-89; 06-19-89 fk35; fk07 06-20-89; fl35 06-22-89; CIP ver. nb06 09-05-91 | |
| 991 | @bc-GenColl@hNX775@i.K56 1989@tCopy 1@wBOOKS | |
| Volunteers : : America’s hidden resource / / Rosalie Rosso King and Jacquelyn Fluke.-Lanham : : University Press of America, , c1990. |
| 141 p. ; ; 24 cm. |
| Includes bibliographical references (p. 137-141). |
| ISBN 0819175382 (pbk. : alk. paper). |
| ● |
| 相关链接 |
|
|
|
|
正题名:Volunteers
索取号:J03/x29
 
预约/预借
| 序号 | 登录号 | 条形码 | 馆藏地/架位号 | 状态 | 备注 |
| 1 | 0010287 | 300102877 | 第二样本阅览室/ [索取号:J03/x29] | 在馆 | |
| 2 | 0010288 | 300102886 | 第四借阅区/ [索取号:J03/x29] | 在馆 | |
| 3 | 0010289 | 300102895 | 第四借阅区/ [索取号:J03/x29] | 在馆 |